000 01527nam a22004457a 4500
001 000095115
003 CHAP
005 20220329143056.0
008 060125d2004 mx r 00110 spa d
010 _a91581
011 _a92553
020 _a9707530219
035 _a103118
040 _cCHAP
090 _aFolleto 17133
100 1 _aBáez, Lourdes.
_913269
245 1 0 _aNahuas de la Sierra Norte de Puebla /
_c/por Lourdes Báez.
260 _aMéxico, D. F. :
_bComisión Nacional para el Desarrollo de los Puelos Indígenas,
_c2004.
300 _a39 p. :
_bilus.
410 0 0 _aPueblos Indígenas del México Contemporáneo
590 _aBATCH-UPD
_b10
_c20130110
_lUCH01
_h0425
590 _aBATCH-UPD
_b10
_c20130110
_lUCH01
_h2038
590 _aBATCH-UPD
_b10
_c20130410
_lUCH01
_h0059
590 _aBATCH-UPD
_b10
_c20130914
_lUCH01
_h0647
590 _aBATCH-UPD
_b10
_c20140827
_lUCH01
_h0949
590 _aCONVERSION
_b10
_c20130109
_lUCH01
_h1351
590 _aE11695DGD
_b10
_c20140903
_lUCH01
_h1402
650 1 4 _aIndios de Puebla
_xNahuas.
_9128264
650 1 4 _aNahuas
_xEconomía.
_9128009
650 1 4 _aNahuas
_xHistoria.
_9128010
650 1 4 _aNahuas
_xOrganización social.
_9128008
650 1 4 _aNahuas
_xReligión y mitología.
_980061
650 1 4 _aNahuas
_xVida social y costumbres.
_980062
830 0 _aPueblos Indígenas del México Contemporáneo
_992892
901 _aBK
905 _aLilia
942 _cFOLL
942 _n0
949 _aFolleto 17133
_bBC
_cFOLL
_d33724000967899
_eTS1
_i103118
_sb
999 _c91581
_d91581